|
|
|
|
| LEADER |
00780nam a2200217 i 4500 |
| 001 |
c000345998 |
| 003 |
CARM |
| 005 |
00000000000000.0 |
| 008 |
851003s1967 ukkb 00000 eng d |
| 019 |
1 |
|
|a 3965791
|5 LACONCORD2021
|
| 035 |
|
|
|a (OCoLC)12530699
|5 LACONCORD2021
|
| 100 |
2 |
|
|a Das Gupta, Ashin.
|
| 245 |
0 |
0 |
|a Malabar in Asian trade, 1740-1800.
|
| 260 |
|
|
|a Cambridge :
|b U.P,
|c 1967.
|
| 300 |
|
|
|a xii, 204p. :
|b map.
|
| 490 |
0 |
|
|a Cambridge South Asian studies ;
|v [3]
|
| 651 |
|
0 |
|a Malabar (India)
|x Commerce.
|
| 651 |
|
0 |
|a Asia
|x Commerce.
|
| 852 |
8 |
|
|b CARM
|h A1:AP37G0
|i B07963
|p 0354732
|f BK
|
| 999 |
f |
f |
|i 94e544dd-e66b-5d1f-81ec-29850d31b27b
|s dc35f652-9535-5ccb-864d-f9ddc36f1fcb
|
| 952 |
f |
f |
|p Can circulate
|a CAVAL
|b CAVAL
|c CAVAL
|d CARM 1 Store
|e B07963
|f A1:AP37G0
|h Other scheme
|i book
|m 0354732
|